[Event "39th Olympiad Women"]
[Site "Khanty-Mansiysk RUS"]
[Date "2010.10.01"]
[Round "10"]
[White "Maisuradze, Nino"]
[Black "Misovic, Sanja"]
[Result "1-0"]
[WhiteTitle "WGM"]
[WhiteElo "2273"]
[BlackElo "1861"]
[Board "18.4"]
[WhiteTeam "FRA"]
[BlackTeam "MNE"]
[WhiteFideId "13601717"]
[BlackFideId "900575"]
[EventDate "2010.09.21"]
[EventType "team"]

1. g3 b5 2. Bg2 Nc6 3. d4 e6 4. e4 Bb7 5. Ne2 g6 6. O-O Bg7 7. f4 Nge7 8. d5
exd5 9. exd5 Na5 10. a4 c6 11. d6 Qb6+ 12. Rf2 Nf5 13. axb5 cxb5 14. Qe1 Nc4 15.
Bxb7 Qxb7 16. g4 Nfxd6 17. Ng3+ Kf8 18. c3 Re8 19. Re2 Rxe2 20. Qxe2 f6 21. b3
Nb6 22. Ba3 Nc8 23. Ne4 Kf7 24. Bxd6 Re8 25. Nbd2 Qb6+ 26. Qf2 Qxf2+ 27. Kxf2 f5
28. gxf5 gxf5 29. Ng5+ Kg6 30. Bb4 d5 31. Ra6+ Kh5 32. Ndf3 h6 33. Ne6 Bh8 34.
Nc7 Re4 35. Bf8 Kg4 36. h3+ 1-0

[Event "39th Olympiad Women"]
[Site "Khanty-Mansiysk RUS"]
[Date "2010.10.01"]
[Round "10"]
[White "Kulovana, Eva"]
[Black "Peng, Zhaoqin"]
[Result "1/2-1/2"]
[WhiteTitle "WGM"]
[BlackTitle "GM"]
[WhiteElo "2359"]
[BlackElo "2400"]
[Board "19.1"]
[WhiteTeam "CZE"]
[BlackTeam "NED"]
[WhiteFideId "318779"]
[BlackFideId "1004786"]
[EventDate "2010.09.21"]
[EventType "team"]

1. e4 e6 2. d4 d5 3. Nd2 Nf6 4. e5 Nfd7 5. Bd3 c5 6. c3 Nc6 7. Ne2 cxd4 8. cxd4
f6 9. exf6 Qxf6 10. Nf3 h6 11. O-O Bd6 12. Bb1 O-O 13. Ng3 Rf7 14. Be3 Nf8 15.
Qd2 Bd7 16. Nh5 Qe7 17. Bf4 Bxf4 18. Nxf4 Qd6 19. Ne2 Be8 20. Qe3 Nd7 21. Bc2
Rf6 22. Ng3 Qb4 23. Rab1 Rc8 24. Bd3 Qb6 25. Rfe1 Bf7 26. a3 Bg6 27. Bxg6 Rxg6
28. Nh4 Rf6 29. Nh5 Nxd4 30. Nxf6+ Nxf6 31. Rbd1 Rc4 32. Nf3 Ng4 1/2-1/2

[Event "39th Olympiad Women"]
[Site "Khanty-Mansiysk RUS"]
[Date "2010.10.01"]
[Round "10"]
[White "Lanchava, Tea"]
[Black "Nemcova, Katerina"]
[Result "1/2-1/2"]
[WhiteTitle "IM"]
[BlackTitle "WGM"]
[WhiteElo "2342"]
[BlackElo "2283"]
[Board "19.2"]
[WhiteTeam "NED"]
[BlackTeam "CZE"]
[WhiteFideId "1005308"]
[BlackFideId "322750"]
[EventDate "2010.09.21"]
[EventType "team"]

1. Nf3 Nf6 2. d4 g6 3. Nc3 d5 4. Bf4 c6 5. e3 Bg7 6. Be2 Nbd7 7. Ne5 Nf8 8. g4
Ne6 9. Bg3 h5 10. gxh5 Nxh5 11. Bf3 Qb6 12. Nd3 Ng5 13. Bg2 Bf5 14. Na4 Qa5+ 15.
Nc3 Qb6 16. Na4 Qa5+ 17. Nc3 1/2-1/2

[Event "39th Olympiad Women"]
[Site "Khanty-Mansiysk RUS"]
[Date "2010.10.01"]
[Round "10"]
[White "Havlikova, Kristyna"]
[Black "Bensdorp, Marlies"]
[Result "1-0"]
[WhiteTitle "WIM"]
[BlackTitle "WIM"]
[WhiteElo "2318"]
[BlackElo "2288"]
[Board "19.3"]
[WhiteTeam "CZE"]
[BlackTeam "NED"]
[WhiteFideId "309672"]
[BlackFideId "1009311"]
[EventDate "2010.09.21"]
[EventType "team"]

1. e4 e6 2. d4 d5 3. Nc3 Nf6 4. e5 Nfd7 5. f4 c5 6. Nf3 Nc6 7. Be3 a6 8. Qd2 b5
9. a3 Bb7 10. Be2 Qb6 11. Rd1 Rc8 12. O-O g6 13. Qe1 h5 14. Qf2 cxd4 15. Nxd4
Bc5 16. Bf3 Nxd4 17. Bxd4 Bxd4 18. Rxd4 a5 19. Rfd1 Bc6 20. Ne2 Nc5 21. b4 Na4
22. c3 Bd7 23. Rc1 Rc6 24. Rc2 Qc7 25. Qe1 Qb6 26. Kf1 axb4 27. axb4 Rf8 28. Rd3
Rc4 29. Nd4 Kd8 30. Be2 Kc8 31. Rd1 Rc7 32. Qg3 Kb8 33. Qe3 Rfc8 34. Rdc1 Be8
35. Ke1 Rb7 36. Kd2 Bd7 37. Nb3 Qxe3+ 38. Kxe3 Rbc7 39. Kd2 Kb7 40. Nd4 Kb6 41.
Nf3 Kb7 42. Ne1 Kb6 43. g3 Kb7 44. Nd3 Kb6 45. Ne1 Kb7 46. Bd3 Kb6 47. Nf3 Be8
48. Nd4 Bd7 49. Ne2 Rh8 50. Ra2 Ra8 51. Bc2 Rca7 52. Rca1 Rc8 53. Ra3 Rca8 54.
Nc1 Nb2 55. Rxa7 Nc4+ 56. Kd3 Rxa7 57. Rxa7 Kxa7 58. Bb3 Nb6 59. Kd4 Kb7 60. Kc5
Kc7 61. Ne2 Bc6 62. Kd4 Nd7 63. Bc2 Kb6 64. Bd3 Nf8 65. Ng1 Be8 66. Nf3 Bc6 67.
Ng5 Be8 68. Bf1 Kc6 69. Be2 Kb6 70. f5 Kc6 71. fxe6 fxe6 72. Ke3 Kc7 73. Kf4 Kb6
74. Nf3 Nh7 75. h4 Ka6 76. Nd4 g5+ 77. hxg5 Nf8 78. Bd3 Kb6 79. Nf3 Bg6 80. Bxg6
Nxg6+ 1-0

[Event "39th Olympiad Women"]
[Site "Khanty-Mansiysk RUS"]
[Date "2010.10.01"]
[Round "10"]
[White "Schut, Lisa"]
[Black "Sikorova, Olga"]
[Result "1-0"]
[WhiteTitle "WIM"]
[BlackTitle "WIM"]
[WhiteElo "2288"]
[BlackElo "2290"]
[Board "19.4"]
[WhiteTeam "NED"]
[BlackTeam "CZE"]
[WhiteFideId "1019481"]
[BlackFideId "307033"]
[EventDate "2010.09.21"]
[EventType "team"]

1. e4 e6 2. d4 d5 3. Nc3 Bb4 4. e5 c5 5. a3 Bxc3+ 6. bxc3 Qa5 7. Bd2 Qa4 8. Qb1
c4 9. h4 Nc6 10. h5 h6 11. g3 Bd7 12. Bh3 O-O-O 13. Ne2 f6 14. Nf4 Re8 15. Ng6
Rh7 16. f4 Nge7 17. exf6 gxf6 18. Kf2 Nf5 19. g4 Nd6 20. Bg2 e5 21. dxe5 fxe5
22. f5 Qa5 23. Qd1 Qc5+ 24. Kg3 d4 25. Re1 Nb5 26. cxd4 exd4 27. Rxe8+ Bxe8 28.
Qe2 Bd7 29. a4 Nc7 30. Re1 Nd5 31. Bxd5 Qxd5 32. Bf4 b6 33. Qe4 Qa5 34. f6 Qc3+
35. Kh4 d3 36. Ne5 dxc2 37. Nxd7 Qxe1+ 38. Qxe1 Rxd7 39. Qe6 1-0

[Event "39th Olympiad Women"]
[Site "Khanty-Mansiysk RUS"]
[Date "2010.10.01"]
[Round "10"]
[White "Moncayo Romero, Evelyn"]
[Black "Horn, Emilia"]
[Result "1-0"]
[WhiteTitle "WIM"]
[BlackTitle "WFM"]
[WhiteElo "2127"]
[BlackElo "2012"]
[Board "20.3"]
[WhiteTeam "ECU"]
[BlackTeam "SWE"]
[WhiteFideId "3600424"]
[BlackFideId "1705385"]
[EventDate "2010.09.21"]
[EventType "team"]

1. e4 c5 2. Nf3 d6 3. d4 cxd4 4. Nxd4 Nf6 5. Nc3 a6 6. a4 Nc6 7. Be2 g6 8. Be3
Bg7 9. O-O O-O 10. h3 Qc7 11. Qd2 Re8 12. f4 Nxd4 13. Bxd4 e5 14. fxe5 dxe5 15.
Be3 Be6 16. a5 Qc6 17. Bd3 Nd7 18. Nd5 Bxd5 19. exd5 Qd6 20. c4 e4 21. Be2 f5
22. Rac1 Nc5 23. Qd1 Bxb2 24. Rb1 Nd3 25. Bxd3 exd3 26. Qxd3 Qa3 27. Qxa3 Bxa3
28. Bf2 Rac8 29. Rb3 Bc5 30. Rc1 Re4 31. Rxb7 h5 32. Kf1 g5 33. Bxc5 Rxc5 34. d6
Rf4+ 35. Kg1 Rd4 36. Re1 Kf8 37. d7 g4 38. Re8+ Kf7 39. d8=Q+ 1-0

[Event "39th Olympiad Women"]
[Site "Khanty-Mansiysk RUS"]
[Date "2010.10.01"]
[Round "10"]
[White "Terao, Juliana Sayumi"]
[Black "Calzetta Ruiz, Monica"]
[Result "0-1"]
[WhiteTitle "WFM"]
[BlackTitle "WGM"]
[WhiteElo "2138"]
[BlackElo "2280"]
[Board "21.1"]
[WhiteTeam "BRA"]
[BlackTeam "ESP"]
[WhiteFideId "2109220"]
[BlackFideId "2204185"]
[EventDate "2010.09.21"]
[EventType "team"]

1. e4 c5 2. c3 d5 3. exd5 Qxd5 4. d4 g6 5. Nf3 Bg7 6. Be2 Nf6 7. O-O O-O 8. c4
Qd6 9. dxc5 Qxc5 10. Nc3 Nc6 11. Be3 Qa5 12. a3 Bf5 13. b4 Qc7 14. Qc1 Rfd8 15.
Ra2 Rac8 16. b5 Ne5 17. Nxe5 Qxe5 18. Bf4 Qe6 19. Re1 Qb6 20. Bf1 Be6 21. Rc2
Qa5 22. Nb1 Bf5 23. Ra2 Rd7 24. Bd2 Qd8 25. Bb4 b6 26. a4 Ng4 27. h3 Ne5 28. Qa3
Be6 29. Rc2 Nd3 30. Bxd3 Rxd3 31. Bxe7 Rxa3 32. Bxd8 Rxa4 33. Bg5 h6 34. Be3
Raxc4 35. Rxc4 Rxc4 36. Nd2 Rb4 37. Rb1 Rxb1+ 38. Nxb1 Bc4 39. Na3 Bd3 40. Bc1
Kf8 41. f3 Be2 0-1

[Event "39th Olympiad Women"]
[Site "Khanty-Mansiysk RUS"]
[Date "2010.10.01"]
[Round "10"]
[White "Vega Gutierrez, Belinda"]
[Black "Pereira, Amanda Marques"]
[Result "1/2-1/2"]
[WhiteTitle "WFM"]
[BlackTitle "WFM"]
[WhiteElo "2233"]
[BlackElo "1980"]
[Board "21.2"]
[WhiteTeam "ESP"]
[BlackTeam "BRA"]
[WhiteFideId "2229994"]
[BlackFideId "2114003"]
[EventDate "2010.09.21"]
[EventType "team"]

1. e4 c5 2. Ne2 e6 3. d4 cxd4 4. Nxd4 a6 5. Be2 Nc6 6. Nc3 Qc7 7. f4 d6 8. Be3
Nf6 9. O-O Nxd4 10. Bxd4 e5 11. Be3 exf4 12. Rxf4 Be7 13. Kh1 O-O 14. Bd4 Be6
15. Bd3 b5 16. Qf3 Nd7 17. Nd5 Bxd5 18. exd5 Ne5 19. Qg3 Qd8 20. Raf1 Bg5 21.
Rf5 Bh4 22. Qh3 g6 23. Bxe5 dxe5 24. Rxe5 Bf6 25. Re2 Bxb2 26. c4 bxc4 27. Bxc4
Bg7 28. Qg3 a5 29. d6 Ra7 30. Bb5 Qb8 31. a4 Bd4 32. Qd3 Qxd6 33. Rd1 Rc7 34. h3
Rd8 35. Red2 Qe5 36. Qf3 Rcc8 37. Qb7 Rb8 38. Qf3 Bb6 39. Rxd8+ Rxd8 40. Rxd8+
Bxd8 41. Qe2 Qa1+ 42. Qf1 Qxf1+ 43. Bxf1 f5 44. g3 Kg7 45. Kg2 Kf6 46. Kf3 g5
47. Bb5 h5 48. Be8 g4+ 49. hxg4 hxg4+ 50. Kf2 Kg5 51. Bd7 Bc7 52. Bc6 Kf6 53.
Bd7 Ke5 54. Bc8 Bb6+ 55. Kg2 Ke4 56. Bb7+ Ke5 1/2-1/2

[Event "39th Olympiad Women"]
[Site "Khanty-Mansiysk RUS"]
[Date "2010.10.01"]
[Round "10"]
[White "Aranaz Murillo, Amalia"]
[Black "De Oliveira, Ana Paula"]
[Result "1-0"]
[WhiteTitle "WFM"]
[WhiteElo "2154"]
[BlackElo "1839"]
[Board "21.4"]
[WhiteTeam "ESP"]
[BlackTeam "BRA"]
[WhiteFideId "22200371"]
[BlackFideId "2107856"]
[EventDate "2010.09.21"]
[EventType "team"]

1. Nf3 d5 2. d4 e6 3. c4 Nf6 4. g3 c6 5. Qc2 Be7 6. Bg2 Nbd7 7. O-O O-O 8. Nbd2
b6 9. e4 dxe4 10. Nxe4 Bb7 11. Rd1 Qc8 12. Nxf6+ Nxf6 13. c5 Rd8 14. Bf4 Nd5 15.
Bg5 Qc7 16. h4 h6 17. Bxe7 Qxe7 18. Ne5 Rac8 19. Rac1 Ba8 20. Re1 Rc7 21. a3 Rb8
22. cxb6 Nxb6 23. b4 Rbc8 24. Qc5 Qxc5 25. Rxc5 Nd5 26. Rec1 f6 27. Ng6 Kf7 28.
Bxd5 exd5 29. Nf4 Rd7 30. b5 Bb7 31. bxc6 1-0

[Event "39th Olympiad Women"]
[Site "Khanty-Mansiysk RUS"]
[Date "2010.10.01"]
[Round "10"]
[White "Partac, Elena"]
[Black "Leite, Catarina"]
[Result "1/2-1/2"]
[WhiteTitle "WGM"]
[BlackTitle "WIM"]
[WhiteElo "2087"]
[BlackElo "2183"]
[Board "22.1"]
[WhiteTeam "MDA"]
[BlackTeam "POR"]
[WhiteFideId "13901001"]
[BlackFideId "1901222"]
[EventDate "2010.09.21"]
[EventType "team"]

1. e4 e5 2. Nf3 Nc6 3. d4 exd4 4. Bc4 Bc5 5. c3 Nf6 6. e5 d5 7. Bb5 Ne4 8. cxd4
Bb4+ 9. Bd2 Bxd2+ 10. Nbxd2 Bd7 11. Bxc6 Bxc6 12. O-O O-O 13. Qc2 Qe7 14. a4
Rfd8 15. Rfe1 1/2-1/2

[Event "39th Olympiad Women"]
[Site "Khanty-Mansiysk RUS"]
[Date "2010.10.01"]
[Round "10"]
[White "Coimbra, Margarida"]
[Black "Smokina, Karolina"]
[Result "1-0"]
[WhiteTitle "WFM"]
[BlackTitle "WGM"]
[WhiteElo "2090"]
[BlackElo "2170"]
[Board "22.2"]
[WhiteTeam "POR"]
[BlackTeam "MDA"]
[WhiteFideId "1901192"]
[BlackFideId "13900382"]
[EventDate "2010.09.21"]
[EventType "team"]

1. e4 c5 2. c3 d5 3. exd5 Qxd5 4. d4 Nc6 5. Nf3 Bg4 6. Be2 cxd4 7. cxd4 e6 8.
O-O Qa5 9. h3 Bh5 10. Be3 Rd8 11. Qb3 Qb4 12. Nc3 Nf6 13. Rfd1 Qxb3 14. axb3 Bg6
15. Ne5 Bc2 16. Rdc1 Bxb3 17. Bb5 Bd6 18. Nxc6 bxc6 19. Bxc6+ Kf8 20. Rxa7 h5
21. Rb7 Bc4 22. Ra1 Rc8 23. Bf3 Kg8 24. Bg5 Ne8 25. Be7 h4 26. Bxd6 Nxd6 27. Rd7
Nf5 28. Raa7 Nh6 29. Ne4 Bd5 30. Ng5 Bxf3 31. gxf3 Nf5 32. Rxf7 Rh6 33. f4 Rg6
34. Rfd7 Rf6 35. Rab7 Rc6 36. b4 Rd6 37. Rxd6 Nxd6 38. Rb8+ Rf8 39. Rxf8+ Kxf8
40. Nxe6+ Kf7 41. d5 Nc4 42. Kg2 Nb6 43. Nc7 Ke7 44. Kf3 Kd7 45. Ne6 Nxd5 46.
Nxg7 Nxb4 47. Nf5 Ke6 48. Nxh4 Kf6 49. Ke4 Na6 50. Nf3 Nc5+ 51. Ke3 Kf5 52. Nd4+
Kf6 53. h4 Nb7 54. f5 Nc5 55. h5 Nd7 56. Kf4 Ne5 57. h6 Nf7 58. h7 Kg7 59. Ne6+ 1-0

[Event "39th Olympiad Women"]
[Site "Khanty-Mansiysk RUS"]
[Date "2010.10.01"]
[Round "10"]
[White "Baciu, Diana"]
[Black "Pintor, Ariana"]
[Result "1-0"]
[WhiteTitle "WFM"]
[BlackTitle "WFM"]
[WhiteElo "2153"]
[BlackElo "2110"]
[Board "22.3"]
[WhiteTeam "MDA"]
[BlackTeam "POR"]
[WhiteFideId "13903284"]
[BlackFideId "1902806"]
[EventDate "2010.09.21"]
[EventType "team"]

1. e4 c6 2. d4 d5 3. Nd2 dxe4 4. Nxe4 Bf5 5. Ng3 Bg6 6. h4 h6 7. Nf3 Nd7 8. h5
Bh7 9. Bd3 Bxd3 10. Qxd3 e6 11. Bd2 Ngf6 12. O-O-O Be7 13. Qe2 O-O 14. Nf1 c5
15. g4 Nd5 16. g5 hxg5 17. h6 g6 18. dxc5 Rc8 19. Rg1 Rxc5 20. Nd4 Qc7 21. c3
Bf6 22. Nb3 Rc6 23. Ng3 Nf4 24. Qe4 Nh3 25. Rg2 Nxf2 26. Rxf2 Qxg3 27. Be1 Qc7
28. Rxd7 Qxd7 29. Rxf6 Rd8 30. Bd2 a5 31. Kb1 b5 32. Bxg5 Qd3+ 33. Qxd3 Rxd3 34.
Rf1 a4 35. Nd4 Rb6 36. Nf3 f5 37. Bf6 Rb7 38. Ng5 b4 39. Rh1 Rdd7 40. cxb4 Rh7
41. Rc1 Rbc7 42. Rxc7 Rxc7 43. h7+ Rxh7 44. Nxh7 Kxh7 45. b5 f4 46. b6 f3 47.
Bd4 1-0

[Event "39th Olympiad Women"]
[Site "Khanty-Mansiysk RUS"]
[Date "2010.10.01"]
[Round "10"]
[White "Monteiro, Sara Cristina Da Silv"]
[Black "Ursu, Ana-Maria W"]
[Result "0-1"]
[WhiteElo "1818"]
[BlackElo "1905"]
[Board "22.4"]
[WhiteTeam "POR"]
[BlackTeam "MDA"]
[WhiteFideId "1909860"]
[BlackFideId "13904213"]
[EventDate "2010.09.21"]
[EventType "team"]

1. d4 d5 2. Bg5 h6 3. Bh4 c6 4. Nf3 Qb6 5. Qc1 g5 6. Bg3 g4 7. Ne5 Qxd4 8. Nd2
Bg7 9. Nb3 Qe4 10. f3 gxf3 11. gxf3 Qf5 12. Nd4 Qh5 13. Qe3 Nd7 14. Nxd7 Bxd7
15. O-O-O Qg5 16. f4 Qf6 17. c3 h5 18. h4 Nh6 19. Bh3 Bxh3 20. Rxh3 Nf5 21. Nxf5
Qxf5 22. Bh2 O-O-O 23. Rf3 d4 24. Qg1 Bf6 25. Rfd3 Rhg8 26. Qf2 Qd5 27. cxd4 Rg2
28. e4 Qc4+ 29. Rc3 Qxc3+ 30. bxc3 Rxf2 0-1

[Event "39th Olympiad Women"]
[Site "Khanty-Mansiysk RUS"]
[Date "2010.10.01"]
[Round "10"]
[White "Houska, Jovanka"]
[Black "Yuan, Yuanling"]
[Result "0-1"]
[WhiteTitle "IM"]
[BlackTitle "WIM"]
[WhiteElo "2426"]
[BlackElo "2189"]
[Board "23.1"]
[WhiteTeam "ENG"]
[BlackTeam "CAN"]
[WhiteFideId "405094"]
[BlackFideId "8604541"]
[EventDate "2010.09.21"]
[EventType "team"]

1. d4 Nf6 2. Nf3 g6 3. c4 Bg7 4. g3 d6 5. Bg2 O-O 6. O-O Nc6 7. Nc3 Bf5 8. b3
Ne4 9. Nd5 Bd7 10. Bb2 e6 11. Nf4 f5 12. e3 g5 13. Nd3 Ne7 14. Nd2 Nxd2 15. Qxd2
Bc6 16. f3 Ng6 17. e4 f4 18. d5 Bd7 19. Bxg7 Kxg7 20. dxe6 Bxe6 21. c5 dxc5 22.
Rad1 b6 23. gxf4 gxf4 24. Kh1 Qf6 25. Qe2 Rad8 26. Nf2 Rxd1 27. Rxd1 Rd8 28. Rf1
c4 29. Rc1 Qd4 30. Bf1 Qd2 31. Rc2 Qxe2 32. Bxe2 cxb3 33. axb3 c5 34. Rb2 Ne5
35. Kg2 Kf6 36. Kf1 Rd4 37. Ke1 Rb4 38. Bd1 c4 39. Kd2 cxb3 40. Kc3 Rb5 41. Nd3
Nxd3 42. Kxd3 a5 43. Kc3 Rc5+ 44. Kd4 a4 45. Rb1 Rc4+ 46. Kd3 b5 47. Be2 Rc2 48.
Bf1 Ke5 0-1

[Event "39th Olympiad Women"]
[Site "Khanty-Mansiysk RUS"]
[Date "2010.10.01"]
[Round "10"]
[White "Lacau-Rodean, Iulia"]
[Black "Grigoryan, Meri"]
[Result "1/2-1/2"]
[BlackTitle "WFM"]
[WhiteElo "2024"]
[BlackElo "2099"]
[Board "23.2"]
[WhiteTeam "CAN"]
[BlackTeam "ENG"]
[WhiteFideId "1211285"]
[BlackFideId "13300571"]
[EventDate "2010.09.21"]
[EventType "team"]

1. e4 c6 2. d4 d5 3. Nd2 dxe4 4. Nxe4 Nd7 5. Nf3 Ngf6 6. Nxf6+ Nxf6 7. h3 g6 8.
Bf4 Bg7 9. Qd2 Ne4 10. Qe3 Qa5+ 11. c3 Nf6 12. Bc4 Nd5 13. Bxd5 Qxd5 14. Bh6
Bxh6 15. Qxh6 Qb5 16. b3 Bf5 17. c4 Qb4+ 18. Qd2 Qd6 19. Qe3 O-O 20. O-O Rad8
21. Nh4 Bc8 22. Rad1 Rfe8 23. Rfe1 a6 24. Nf3 b5 25. d5 c5 26. Nd2 f5 27. Nf3
bxc4 28. bxc4 f4 29. Qa3 Bf5 30. Ng5 Rb8 31. Ne6 Rb4 32. Qc3 Bxe6 33. Rxe6 Qd7
34. Rxa6 Qf5 35. Rc6 f3 36. g4 Qe4 37. Rxc5 Rb1 38. Qd2 Rxd1+ 39. Qxd1 h5 40. d6
exd6 41. Qd5+ Re6 42. Qxe4 Rxe4 43. Rc8+ Kf7 44. gxh5 gxh5 45. a4 d5 46. cxd5
Rxa4 47. Rc3 Rf4 48. Rd3 Ke7 49. d6+ Kd7 50. Kf1 Ra4 51. Rxf3 Kxd6 52. Rf5 Rh4
53. Kg2 Ke6 54. Rf8 Ra4 55. Kg3 h4+ 56. Kf3 Ra7 57. Rf4 Rh7 58. Kg4 Ke5 59. Rf8
Rg7+ 60. Kxh4 Rh7+ 61. Kg3 Rg7+ 62. Kh2 Rh7 63. Rf3 Ke4 64. Kg2 Rg7+ 65. Rg3 Rh7
66. Rg4+ Kf5 67. Kg3 Ra7 68. h4 Ra1 69. Rg5+ Kf6 70. f3 Rh1 71. f4 Rg1+ 72. Kf3
Rh1 73. h5 Rf1+ 74. Ke3 Re1+ 75. Kf2 Rh1 76. Kg2 Rh4 77. Kg3 Rh1 78. Rb5 Rg1+
79. Kf2 Rh1 80. Kg2 Rh4 81. Kf3 Rh1 82. Rg5 Rf1+ 83. Ke3 Re1+ 84. Kf2 Rh1 85.
Ra5 Rh4 86. Ke3 Rh1 87. Ra6+ Kf5 88. Ra5+ Kf6 89. h6 Re1+ 90. Kf2 Rh1 91. Ra6+
Kf5 92. Kg2 Rh4 93. Kg3 Rh1 94. Ra5+ Kg6 95. Rg5+ Kxh6 96. Kf3 Ra1 97. Ke4 Ra4+
98. Kf5 Ra5+ 99. Kf6 Ra6+ 100. Kf5 Ra5+ 1/2-1/2

[Event "39th Olympiad Women"]
[Site "Khanty-Mansiysk RUS"]
[Date "2010.10.01"]
[Round "10"]
[White "Bhatia, Kanwal K"]
[Black "Orlova, Yelizaveta"]
[Result "1-0"]
[WhiteElo "2072"]
[BlackElo "1917"]
[Board "23.3"]
[WhiteTeam "ENG"]
[BlackTeam "CAN"]
[WhiteFideId "407496"]
[BlackFideId "2601826"]
[EventDate "2010.09.21"]
[EventType "team"]

1. e4 c5 2. c3 g6 3. d4 cxd4 4. cxd4 d5 5. exd5 Nf6 6. Nc3 Nxd5 7. Nf3 Bg7 8.
Be2 O-O 9. O-O Nc6 10. Qb3 Nb6 11. d5 Ne5 12. Bf4 Nbd7 13. Rad1 Nxf3+ 14. Bxf3
Ne5 15. Be2 b6 16. Rfe1 Bf5 17. Ba6 Qb8 18. Bg3 g5 19. Nb5 Bd7 20. Qe3 f6 21.
Nd4 Qe8 22. Bxe5 fxe5 23. Nf3 Bg4 24. Nxg5 Bxd1 25. Rxd1 Rf6 26. Bd3 h6 27. Ne6
Qh5 28. Rc1 Kf7 29. Qg3 Bh8 30. f3 Rg8 31. Qxg8+ 1-0

[Event "39th Olympiad Women"]
[Site "Khanty-Mansiysk RUS"]
[Date "2010.10.01"]
[Round "10"]
[White "Kagramanov, Dalia"]
[Black "Hegarty, Sarah N"]
[Result "0-1"]
[BlackTitle "WFM"]
[WhiteElo "1866"]
[BlackElo "2084"]
[Board "23.4"]
[WhiteTeam "CAN"]
[BlackTeam "ENG"]
[WhiteFideId "2604728"]
[BlackFideId "2501465"]
[EventDate "2010.09.21"]
[EventType "team"]

1. e4 c5 2. Nf3 Nc6 3. d4 cxd4 4. Nxd4 g6 5. c4 Bg7 6. Be3 Nf6 7. Nc3 Ng4 8.
Qxg4 Nxd4 9. Qd1 e5 10. Bd3 d6 11. O-O O-O 12. Qd2 Be6 13. Rfd1 a6 14. b3 Qa5
15. Ne2 Qa3 16. Qc1 Qc5 17. Qc3 d5 18. exd5 Bxd5 19. b4 Qc6 20. Nxd4 exd4 21.
Bxd4 Bxd4 22. Qxd4 Bxg2 23. Bf1 Bf3 24. Rd3 Rad8 25. Qf4 Rxd3 26. Bxd3 Rd8 27.
Bf1 Qe4 28. Qxe4 Bxe4 29. Re1 Rd4 30. Re3 Bb1 31. a3 Kf8 32. Kg2 f5 33. Be2 Be4+
34. f3 Bb1 35. c5 Rd2 36. Kf1 Ba2 37. Rc3 Bd5 38. Ke1 Ra2 39. Rd3 Bc6 40. Re3
Ra1+ 41. Kf2 f4 42. Rc3 Ra2 43. Kf1 Ke7 44. h4 Kf6 45. Ke1 Ra1+ 46. Kd2 Rh1 47.
Rd3 Rxh4 48. Rd6+ Ke7 49. Bxa6 Rh2+ 50. Ke1 Bxf3 51. Bc4 g5 52. Re6+ Kd7 53. Re5
Rg2 54. Be6+ Kc7 55. b5 g4 56. Bc4 Rc2 57. Bd3 Rc3 58. Bxh7 g3 59. Re7+ Kd8 60.
Rg7 Re3+ 61. Kd2 Re2+ 62. Kd3 g2 63. Rg8+ Ke7 64. Rg7+ Kf6 65. Rg3 fxg3 0-1

[Event "39th Olympiad Women"]
[Site "Khanty-Mansiysk RUS"]
[Date "2010.10.01"]
[Round "10"]
[White "Sarakauskiene, Zivile"]
[Black "Cimaj, Rozana"]
[Result "1/2-1/2"]
[WhiteTitle "WIM"]
[WhiteElo "2171"]
[BlackElo "1972"]
[Board "24.3"]
[WhiteTeam "LTU"]
[BlackTeam "ALB"]
[WhiteFideId "12800864"]
[BlackFideId "4700147"]
[EventDate "2010.09.21"]
[EventType "team"]

1. e4 e5 2. Nf3 Nc6 3. Bb5 a6 4. Ba4 Nf6 5. O-O Be7 6. Re1 b5 7. Bb3 O-O 8. c3
d6 9. h3 h6 10. a4 Bd7 11. d4 Kh8 12. Nbd2 exd4 13. cxd4 Nb4 14. e5 Nfd5 15. Ne4
Bf5 16. Bd2 c6 17. Qe2 f6 18. exd6 Bxd6 19. Nxd6 Qxd6 20. Nh4 Bh7 21. axb5 axb5
22. Rxa8 Rxa8 23. Qh5 Rf8 24. Ng6+ Bxg6 25. Qxg6 Nf4 26. Qe4 Nbd3 27. Bxf4 Nxf4
28. Bc2 f5 29. Qe7 Qxe7 30. Rxe7 g6 31. h4 Rd8 32. g3 Nd5 33. Re6 Nb4 34. Bb3
Kg7 35. Re7+ Kh8 36. Bf7 Kg7 37. Bb3+ Kh8 38. Bf7 Kg7 1/2-1/2

[Event "39th Olympiad Women"]
[Site "Khanty-Mansiysk RUS"]
[Date "2010.10.01"]
[Round "10"]
[White "Pasku, Roela"]
[Black "Kalvyte, Vesta"]
[Result "0-1"]
[WhiteTitle "WCM"]
[WhiteElo "1912"]
[BlackElo "2097"]
[Board "24.4"]
[WhiteTeam "ALB"]
[BlackTeam "LTU"]
[WhiteFideId "4700708"]
[BlackFideId "12802310"]
[EventDate "2010.09.21"]
[EventType "team"]

1. d4 Nf6 2. c4 g6 3. Nc3 d5 4. Nf3 Bg7 5. cxd5 Nxd5 6. e4 Nxc3 7. bxc3 c5 8.
Be2 O-O 9. O-O b6 10. Be3 Bb7 11. Qc2 cxd4 12. cxd4 Qc8 13. Bd3 Qxc2 14. Bxc2
Nc6 15. Rac1 e6 16. Rfd1 Rfc8 17. Bb1 Na5 18. Bd3 Bf8 19. Rxc8 Rxc8 20. Rc1
Rxc1+ 21. Bxc1 f5 22. Ng5 Bh6 23. exf5 exf5 24. Be3 Bd5 25. a4 Nc4 26. h4 Nxe3
27. fxe3 Bg7 28. g3 Bf6 29. Nh3 Bb3 30. Bb5 Kf8 31. Kf2 Ke7 32. Nf4 Kd6 33. Ke1
Bf7 34. Kd2 h6 35. Kc3 g5 36. hxg5 hxg5 37. Nd3 Bd5 38. Nb4 Bf3 39. Bd3 Ke6 40.
Kc4 Bd1 41. Kb5 Be7 42. d5+ Kf6 43. Nc6 Bd6 44. Nxa7 Bxg3 45. Nc8 g4 46. d6 Bxd6
47. Nxd6 g3 48. Ne4+ fxe4 49. Bxe4 Kg5 50. Bg2 Kg4 51. Kxb6 Bxa4 52. Kc5 Bd1 53.
Kd4 Bf3 54. Bf1 Bb7 55. e4 Kf3 56. e5 Kf2 57. Bh3 Bc8 58. Bxc8 g2 59. e6 g1=Q
60. Bd7 Qg5 61. Bc6 Kg3 62. Ke4 Qc5 63. Bd7 Kf2 64. Kf4 Qd6+ 65. Kf5 Ke3 66. Kf6
Kf4 67. Kf7 Kg5 68. Bc8 Qf4+ 69. Ke7 Qc7+ 70. Bd7 Kg6 71. Kf8 Qd8+ 72. Be8+ Kf6 0-1